Music Quiz

Random Music or Lyrics Quiz

'Hotel California' Lyrics Quiz Stats

 Plays Quiz Updated Dec 19, 2018

Support Sporcle.
Go Orange.
Score 0/293 Timer 10:00
5 Plays Today
% Correct
I
96.2%
I
96.2%
I
96.2%
I
96.2%
I
96.2%
I
96.2%
I
96.2%
I
96.2%
I
96.2%
I
96.2%
I
96.2%
Hotel
95.3%
Hotel
95.3%
Hotel
95.3%
Hotel
95.3%
California
95.1%
California
95.1%
California
95.1%
California
95.1%
to
94.1%
to
94.1%
to
94.1%
to
94.1%
to
94.1%
to
94.1%
to
94.1%
to
94.1%
to
94.1%
to
94.1%
'We
93.3%
'We
93.3%
'We
93.3%
in
92.8%
in
92.8%
in
92.8%
in
92.7%
in
92.7%
in
92.7%
On
90.3%
on
90.3%
on
90.3%
He
90.2%
my
88.9%
My
88.9%
my
88.8%
my
88.9%
of
88.3%
of
88.3%
of
88.3%
of
88.3%
of
88.3%
of
88.3%
Welcome
88.2%
Welcome
88.2%
you
87.8%
you
87.8%
You
87.8%
you
87.8%
you
87.8%
place,
87.7%
place,
87.7%
place
87.7%
Up
87.3%
up
87.3%
up
87.3%
up
87.3%
up
87.3%
up
87.3%
can
87%
can
87%
can
87%
highway,
86.2%
lovely
85.7%
lovely
85.7%
lovely
85.7%
lovely
85.7%
dark
84.6%
wind
84.6%
Such
84.5%
such
84.5%
Such
84.5%
such
84.5%
desert
84.2%
hair
84.2%
be
84%
be
84%
cool
82.9%
it
82.5%
it
82.5%
it
82.5%
for
82.2%
for
82.2%
for
82.2%
Her
81.7%
at
81%
at
81%
night
80.7%
night,
80.7%
% Correct
night
80.7%
here
80.3%
here
80.3%
here,
80.3%
had
80.2%
had
80.2%
had
80.2%
me
80.2%
me
80.2%
time
80%
time
80%
and
79.2%
And
79.2%
and
79.2%
And
79.2%
and
79.2%
And
79.2%
Any
78.6%
any
78.6%
she
77.2%
she
77.2%
she
77.2%
she
77.2%
She
77.2%
she
77.2%
she
77.2%
light
75.7%
face
75.7%
face
75.7%
but
75.7%
but
75.7%
air
75.6%
saw
75.1%
distance,
74%
leave'
73.9%
never
73.8%
hear
73.8%
that
73.3%
that
73.3%
smell
72.9%
was
72.2%
was
72.2%
was
72.2%
stop
72.2%
rising
72.1%
said
72.1%
said
72.1%
said
72.1%
through
71.8%
shimmering
71.3%
ahead
71%
room
70.1%
find
70.1%
find
70.1%
door
69.9%
just
69.8%
just
69.8%
just
69.8%
say:
69.4%
say:
69.4%
head
69.3%
them
69.3%
them
69.3%
year,
69.2%
out
69%
There
68.2%
There
68.2%
are
68.2%
are
68.2%
are
68.2%
check
68.1%
since
67.8%
1969
67.4%
could
67.1%
could
67.1%
haven't
66.4%
this
66.4%
this
66.4%
grew
66.2%
grew
66.2%
livin'
66%
heard
65.8%
heard
65.8%
heavy
65.4%
spirit
65%
like,
64.8%
Plenty
64.8%
or
64.6%
they
64.2%
They
64.2%
they
64.2%
They
64.2%
they
64.2%
dim,
64.1%
way
64%
hell
63.9%
were
63.8%
wine',
63.5%
% Correct
heaven
63.5%
So
63%
bring
62%
bring
62%
sight
62%
Warm
61.7%
stood
60.7%
voices
59.7%
voices
59.7%
bell
59.5%
thought
59.4%
doorway,
59.2%
myself:
58.7%
'Please
58.5%
all
57.5%
can't
57.4%
mission
57.2%
Then
57.1%
remember,
56.9%
remember,
56.9%
thinking
55.7%
showed
55.6%
colitas,
55.4%
our
55.4%
down
54.9%
beast
54.8%
pretty,
54.7%
pretty
54.7%
got
54.5%
got
54.5%
corridor;
54.3%
kill
54.2%
boys,
53.6%
with
53.6%
own
53.5%
is
53.5%
from
53.4%
friends
53.4%
Mercedes
53.2%
What
53%
called
52.9%
captain,
52.9%
before
52.7%
device'
52.7%
calls
52.6%
Some
52.5%
some
52.5%
prisoners
52.3%
middle
52.1%
lot
51.3%
your
51.2%
their
51.1%
twisted,
50.6%
forget
50.4%
dance
50.1%
dance
50.1%
dance
50.1%
candle
50.1%
away
50%
back
49.5%
far
49.5%
man,
49.1%
knives
48.9%
ice,
48.4%
lit
48.2%
stab
48%
steely
48%
champagne
47.1%
calling
47%
sweet
46.8%
running
46.8%
those
46.8%
summer
46.1%
nice
46%
Wake
45.9%
mind
45.8%
thing
45.2%
still
44.9%
feast
44.8%
master's
44.7%
surprise,
44.6%
chambers,
43.9%
sweat
43.8%
programmed
43.7%
courtyard,
42.7%
passage
42.5%
pink
42.5%
Last
42.4%
receive
42.1%
bends
41.7%
alibis
40.3%
Tiffany
39.7%
ceiling,
39.4%
Mirrors
38.9%
'Relax,'
38.4%
gathered
37.7%
How
32.6%

From the Vault

2012 Movies by Poster

by RobPro

Movies 5m
We can't believe it's been four years since these movies hit the big screen.
Remove Ads.
Support Sporcle.
Get the best of Sporcle when you Go Orange. This ad-free experience offers more features, more stats, and more fun while also helping to support Sporcle. Thank you for becoming a member.

Show Comments

Extras

Top Quizzes Today


Score Distribution

Your Account Isn't Verified!

In order to create a playlist on Sporcle, you need to verify the email address you used during registration. Go to your Sporcle Settings to finish the process.

Report this User

Report this user for behavior that violates our Community Guidelines.

Details: